| 000 | 00862nam a2200289Ia 4500 | ||
|---|---|---|---|
| 003 | OSt | ||
| 005 | 20220912150324.0 | ||
| 006 | a|||||r|||| 00| 0 | ||
| 007 | ta | ||
| 008 | 220909b |||||||| |||| 00| 0 eng d | ||
| 020 | _a0023984155 (hbd) | ||
| 024 | _a4617 | ||
| 037 | _bOverseas, | ||
| 037 | _cTextual | ||
| 040 |
_aCSL _beng _cCSL |
||
| 041 | _aeng | ||
| 082 | _aB28931, N8 | ||
| 100 | _aRardin Ronald L | ||
| 245 | 0 | _aOptimization in operations research by Ronald L Rardin | |
| 260 |
_aUpper Saddle River, New Jersey Prentice-Hall, Inc _bPrentice Hall _c1998 |
||
| 300 | _axvi,919p | ||
| 500 | _aIndex 905-919p; ^n23/CSL/OR/97-98/4820^d1997-11-20^mPurchase | ||
| 650 | _a Mathematical optimization | ||
| 650 | _aOperations research | ||
| 942 |
_hB28931, N8 _cTEXL _2CC |
||
| 999 |
_c44884 _d44884 |
||